Statistics for NBA Players with Three or More Rings

Click here to take the quiz!

General Stats

  • This quiz has been taken 116,743 times
    (36,361 since last reset)
  • The average score is 21 of 61

Answer Stats

#Player% Correct
6Michael Jordan
96%
4Lebron James
95%
4Stephen Curry
91%
5Kobe Bryant
87%
4Shaquille O'Neal
83%
6Scottie Pippen
81%
4Klay Thompson
78%
4Draymond Green
77%
3Dwyane Wade
76%
5Dennis Rodman
74%
6Kareem Abdul-Jabbar
74%
5Magic Johnson
74%
5Tim Duncan
73%
3Larry Bird
72%
3Danny Green
71%
3A.C. Green
70%
4Tony Parker
61%
4Manu Ginobili
57%
5Steve Kerr
57%
3Dennis Johnson
49%
4Andre Iguodala
46%
7Robert Horry
46%
3James Worthy
34%
3Kevin McHale
34%
5Derek Fisher
33%
4Horace Grant
29%
4Robert Parish
29%
3Toni Kukoc
26%
5Ron Harper
22%
3James Jones
20%
3Kevon Looney
20%
3Udonis Haslem
20%
3Luc Longley
19%
3Bill Cartwright
17%
3B.J. Armstrong
16%
3John Paxson
16%
3Rick Fox
16%
3Byron Scott
15%
3JaVale McGee
15%
5Michael Cooper
14%
3Patrick McCaw
14%
3Shaun Livingston
13%
3Bruce Bowen
12%
3Scott Williams
12%
3Randy Brown
11%
3Brian Shaw
10%
4Kurt Rambis
9%
3Bill Wennington
8%
3Devean George
7%
4Jamaal Wilkes
7%
4John Salley
7%
3Sam Cassell
6%
3Stacey King
6%
4Will Perdue
6%
3James Edwards
5%
3Jud Buechler
5%
3Mario Elie
5%
3Dickey Simpkins
4%
3Gerald Henderson
4%
3Mitch Kupchak
3%
3Paul Silas
3%

Score Distribution

Percentile by Number Answered

Percent of People with Each Score

Your Score History

You have not taken this quiz since the last reset